Normal view
MARC view
- العقود الإدارية
Entry Topical Term
001 - CONTROL NUMBER
- control field: 27712
003 - CONTROL NUMBER IDENTIFIER
- control field: JO-AjAnu
005 - DATE AND TIME OF LATEST TRANSACTION
- control field: 20230606074714.0
008 - FIXED-LENGTH DATA ELEMENTS
- fixed length control field: 230606|| aca||aabn | a|a d
040 ## - CATALOGING SOURCE
- Original cataloging agency: JO-AjAnu
- Transcribing agency: JO-AjAnu
150 ## - HEADING--TOPICAL TERM
- Topical term or geographic name entry element: العقود الإدارية
670 ## - SOURCE DATA FOUND
- Source citation: Work cat.: (JO-AjAnu)14230: أوهاب ، نذير بن محمد الطيب , author 27711, نظرية العقود الإدارية " دراسة مقارنة فى الفقة الإسلامى والقانون "